| 000 -LEADER |
| fixed length control field |
00508nam a22001697a 4500 |
| 008 - FIXED-LENGTH DATA ELEMENTS--GENERAL INFORMATION |
| fixed length control field |
210224b 2017 ||||| |||| 00| 0 eng d |
| 020 ## - INTERNATIONAL STANDARD BOOK NUMBER |
| International Standard Book Number |
9781906915537 |
| 082 ## - DEWEY DECIMAL CLASSIFICATION NUMBER |
| Classification number |
387.50683 |
| Item number |
SQU |
| 100 ## - MAIN ENTRY--PERSONAL NAME |
| Personal name |
Squire, David |
| 245 ## - TITLE STATEMENT |
| Title |
Alert compendium : issues 1 to 40 of the international maritime human element bulletin |
| 260 ## - PUBLICATION, DISTRIBUTION, ETC. (IMPRINT) |
| Place of publication, distribution, etc |
London |
| Name of publisher, distributor, etc |
The Nautical Institute |
| Date of publication, distribution, etc |
2017 |
| 300 ## - PHYSICAL DESCRIPTION |
| Extent |
xviii,386p. |
| 650 ## - SUBJECT ADDED ENTRY--TOPICAL TERM |
| Topical term or geographic name as entry element |
The Human Element |
| 650 ## - SUBJECT ADDED ENTRY--TOPICAL TERM |
| Topical term or geographic name as entry element |
Human factors |
| 650 ## - SUBJECT ADDED ENTRY--TOPICAL TERM |
| Topical term or geographic name as entry element |
Mind, body and spirit |
| 942 ## - ADDED ENTRY ELEMENTS (KOHA) |
| Item type |
Books |